00774 2200289 4500001002100000005001500021035002000036007000300056040001200059100002800071245007200099250001000171300003100181020001800212041000800230082001100238084001700249090001700266264003100283336002100314337003000335338002300365650002300388850001000411008004100421990002200462INLIS00000000001351320260410125104 a0010-0825000072ta aSBPUPAD0 aYayasan SpesePengarang1 aPembangunan Berkelanjutan :bmencari format politik /cYayasan Spes aCet.1 a432 hlm :bilus., ;c21 cm a979-511-590-1 aInd a711.43 a711.43 YAY p a711.43 YAY p aJakarta :bGramedia,c1992 2rdacontentaTeks 2rdamediaatanpa perantara 2rdacarrieravolume 4aPembangunan Daerah aPUPAD260410 0  a39.376/S/DPK/2025